Fundamentals of modern digital systems / (Record no. 4500)

MARC details
000 -LEADER
fixed length control field 00819nac a22002171u 4500
010 ## - LIBRARY OF CONGRESS CONTROL NUMBER
LC control number 87020515
020 ## - INTERNATIONAL STANDARD BOOK NUMBER
International Standard Book Number 0387913114
082 00 - DEWEY DECIMAL CLASSIFICATION NUMBER
Classification number 621.3815
Item number B2193
090 ## - LOCALLY ASSIGNED LC-TYPE CALL NUMBER (OCLC); LOCAL CALL NUMBER (OCLC)
-- 4500
-- 4500
100 ## - MAIN ENTRY--PERSONAL NAME
Personal name Bannister, B. R.
245 10 - TITLE STATEMENT
Title Fundamentals of modern digital systems /
Statement of responsibility, etc B.R. Bannister and D.G. Whitehead.
250 ## - EDITION STATEMENT
Edition statement 2nd ed.
260 ## - PUBLICATION, DISTRIBUTION, ETC. (IMPRINT)
Place of publication, distribution, etc New York, NY, USA :
Name of publisher, distributor, etc Springer-Verlag,1987
Date of publication, distribution, etc 1987.
300 ## - PHYSICAL DESCRIPTION
Extent ix, 304 p. :
Other physical details ill. ;
Dimensions 24 cm.
504 ## - BIBLIOGRAPHY, ETC. NOTE
Bibliography, etc Includes bibliographical references and index.
650 #0 - SUBJECT ADDED ENTRY--TOPICAL TERM
Topical term or geographic name as entry element Digital electronics.
650 #0 - SUBJECT ADDED ENTRY--TOPICAL TERM
Topical term or geographic name as entry element Electronic digital computers
General subdivision Circuits.
700 1# - ADDED ENTRY--PERSONAL NAME
Personal name Whitehead, D. G.
Fuller form of name (Donald Gill)
942 ## - ADDED ENTRY ELEMENTS (KOHA)
Item type Book - Borrowing
Call number prefix 621.3815B2193
Holdings
Withdrawn status Item status Damaged status Not for loan Home library Current library Shelving location Date acquired Source of acquisition Total Checkouts Full call number Barcode Date last seen Koha item type
        Central Library Central Library First floor 09/09/2007 Purchase   621.3815 BAN 000000203 15/07/2025 Book - Borrowing